| 000 | 02558cam a22005174i 4500 | ||
|---|---|---|---|
| 003 | PE-LiUPU | ||
| 005 | 20250731173044.0 | ||
| 008 | 140304s2014 enka rb 001 0 eng d | ||
| 020 | _a1783689579 | ||
| 020 | _a9781783689576 | ||
| 035 | _a(Sirsi) i9781783689576 | ||
| 035 |
_a(OCoLC)885309602 _z(OCoLC)885513039 |
||
| 040 |
_aStDuBDS _beng _erda _cCUD _dOCLCO _dIOV _dYDXCP _dOCLCF _dNLE _dOCLCQ _dGGB _dNZABT _dDTM _dOCLCQ _dPE-LiUPU |
||
| 049 | _aPRUA | ||
| 050 | 1 | 4 |
_aBV4020 _b.S53 2014 |
| 082 | 0 | 4 |
_a207.5 _bS47 _223 |
| 100 | 1 |
_aShaw, Perry, _eautor. |
|
| 245 | 1 | 0 |
_aTransforming theological education : _ba practical handbook for integrative learning / _cPerry Shaw. |
| 264 | 1 |
_aCarlisle, UK : _bLangham Global Library, _c2014. |
|
| 300 |
_aviii, 300 páginas : _bilustraciones ; _c25 centímetros |
||
| 336 |
_atext _2rdacontent |
||
| 337 |
_aunmediated _2rdamedia |
||
| 338 |
_avolume _2rdacarrier |
||
| 504 | _aIndice : páginas 293-300. | ||
| 505 | 0 | _aIntentionality in institutional language and culture -- Asking the right questions (1) -- Asking the right questions (2) -- Implementing and assessing the curriculum -- Multidimensional learning in theological education -- The hidden and null curricula -- Beyond fragmentation in the curriculum -- Curricular elements outside the classroom ; Deep learning -- Intentionality in class instruction -- Course design for multidimensional learning -- Lesson planning for multidimensional learning -- Traditional versus non-traditional instructional methods -- Question design for deep learning -- Case studies in theological education -- Teaching, learning styles and cultural context -- The grading and assessment of students -- Excellence in teaching. | |
| 526 | _aSEG42 | ||
| 526 | _aSEG41 | ||
| 526 | _aSEG40 | ||
| 526 | _aSEG39 | ||
| 526 | _aP94 | ||
| 526 | _aP87 | ||
| 526 | _aP86 | ||
| 526 | _aP85 | ||
| 526 | _aP77 | ||
| 526 | _aP76 | ||
| 526 | _aP35 | ||
| 650 | 0 |
_aTeología _xEstudio y enseñanza. _91515 |
|
| 650 | 0 |
_aTheology _xStudy and teaching. |
|
| 910 |
_adbm _bncf _cncf _d20171227 |
||
| 942 |
_2ddc _cBOOK |
||
| 949 |
_a207.5 S47 _wDEWEY _c1 _i77780 _lCATALOGING _mBUL _p21.50 _r0 _sY _tBOOK _u2017-12-27 _xPOSGRADO _PP85 _0COMPRA _o.STAFF. Colección Teología. |
||
| 994 |
_aC0 _bPEPRU |
||
| 596 | _a1 | ||
| 999 |
_a207.5 S47 _wDEWEY _c26431 _i77780 _d26431 _f2021-11-9 _g4 _lCCODEBUL1 _mBUL _p21.50 _q2 _r0 _sY _tBOOK _u2017-12-27 _xTEOLOGIA _PP85 _0COMPRA _o.STAFF. Colección Teología. |
||
| 980 |
_81 _gALBERTO SANCHEZ Responsable de Automatización |
||